000 00602nam a2200181Ia 4500
008 151018s9999 xx 000 0 und d
082 _bRBASDV57614
_a891.463
100 _aसुमती क्षेत्रमाडे
245 _aशततारका
250 _b1
260 _bविमल पब्लिकेशन मुंबई
_c2012
300 _a192
600 _aसुमती क्षेत्रमाडे
630 _aशततारका
700 _aसुमती क्षेत्रमाडे
730 _aशततारका
942 _cBOOK
999 _c1052886
_d1052883